Deuteronomy / (Record no. 119776)
[ view plain ]
| 000 -LEADER | |
|---|---|
| fixed length control field | 01793cam a22003374a 4500 |
| 001 - CONTROL NUMBER | |
| control field | 7189031 |
| 003 - CONTROL NUMBER IDENTIFIER | |
| control field | ARRUPE |
| 005 - DATE AND TIME OF LATEST TRANSACTION | |
| control field | 20140130125315.0 |
| 008 - FIXED-LENGTH DATA ELEMENTS--GENERAL INFORMATION | |
| fixed length control field | 080923s2009 miu b 001 0 eng |
| 010 ## - LIBRARY OF CONGRESS CONTROL NUMBER | |
| LC control number | 2008041846 |
| 020 ## - INTERNATIONAL STANDARD BOOK NUMBER | |
| International Standard Book Number | 9781587430985 (cloth) |
| 020 ## - INTERNATIONAL STANDARD BOOK NUMBER | |
| International Standard Book Number | 1587430983 (cloth) |
| 024 ## - OTHER STANDARD IDENTIFIER | |
| Standard number or code | 40016679667 |
| 035 ## - SYSTEM CONTROL NUMBER | |
| System control number | (OCoLC)261343110 |
| 035 ## - SYSTEM CONTROL NUMBER | |
| System control number | (OCoLC)ocn261343110 |
| 035 ## - SYSTEM CONTROL NUMBER | |
| System control number | (NNC)7189031 |
| 040 ## - CATALOGING SOURCE | |
| Original cataloging agency | DLC |
| Transcribing agency | DLC |
| Modifying agency | IDI |
| -- | LTS |
| -- | C#P |
| -- | YDXCP |
| -- | OrLoB-B |
| 050 00 - LIBRARY OF CONGRESS CALL NUMBER | |
| Classification number | BS1275.53 |
| Item number | .W67 2009 |
| 300 ## - PHYSICAL DESCRIPTION | |
| Dimensions | 24 cm. |
| 100 1# - MAIN ENTRY--PERSONAL NAME | |
| Personal name | Work, Telford. |
| 9 (RLIN) | 7321 |
| 245 10 - TITLE STATEMENT | |
| Title | Deuteronomy / |
| Statement of responsibility, etc | Telford Work. |
| 260 ## - PUBLICATION, DISTRIBUTION, ETC. (IMPRINT) | |
| Place of publication, distribution, etc | London |
| Name of publisher, distributor, etc | SCM press |
| Date of publication, distribution, etc | 2009. |
| 300 ## - PHYSICAL DESCRIPTION | |
| Extent | 333 p. ; |
| 490 1# - SERIES STATEMENT | |
| Series statement | SCM theological commentary on the Bible |
| 504 ## - BIBLIOGRAPHY, ETC. NOTE | |
| Bibliography, etc | Includes bibliographical references (p. 317-318) and indexes. |
| 520 1# - SUMMARY, ETC. | |
| Summary, etc | "Pastors and leaders of the classical church - such as Augustine, Calvin, Luther, and Wesley - interpreted the Bible theologically, believing Scripture as a whole witnessed to the gospel of Jesus Christ. Modern interpreters of the Bible questioned this premise. But in recent decades, a critical mass of theologians and biblical scholars has begun to reassert the priority of a theological reading of Scripture. The Brazos Theological Commentary on the Bible enlists leading theologians to read and interpret Scripture for the twenty-first century, just as the church fathers, the Reformers, and other orthodox Christians did for their times and places. In the eighth volume in the series, Telford Work presents a theological exegesis of Deuteronomy."--BOOK JACKET. |
| 630 00 - SUBJECT ADDED ENTRY--UNIFORM TITLE | |
| Uniform title | Bible OT. |
| Name of part/section of a work | Deuteronomy |
| Form subdivision | Commentaries. |
| 9 (RLIN) | 7322 |
| 830 #0 - SERIES ADDED ENTRY--UNIFORM TITLE | |
| Uniform title | Brazos theological commentary on the Bible. |
| 9 (RLIN) | 7323 |
| 900 ## - EQUIVALENCE OR CROSS-REFERENCE-PERSONAL NAME [LOCAL, CANADA] | |
| Numeration | TOC |
| 942 ## - ADDED ENTRY ELEMENTS (KOHA) | |
| Source of classification or shelving scheme | Library of Congress Classification |
| Koha item type | Monograph ( Printed materials) |
| 948 1# - LOCAL PROCESSING INFORMATION (OCLC); SERIES PART DESIGNATOR (RLIN) | |
| Series part designator, SPT (RLIN) | 20090526 |
| b (OCLC) | c |
| c (OCLC) | sl13 |
| d (OCLC) | MPS |
| Withdrawn status | Lost status | Source of classification or shelving scheme | Damaged status | Not for loan | Home library | Current library | Shelving location | Date acquired | Total Checkouts | Full call number | Barcode | Date last seen | Date checked out | Price effective from | Koha item type |
|---|---|---|---|---|---|---|---|---|---|---|---|---|---|---|---|
| Library of Congress Classification | ARRUPE LIBRARY | ARRUPE LIBRARY | Main Collection | 30/01/2014 | 1 | BS1275.53 .W67 2009 | 46412186 | 20/03/2018 | 06/03/2018 | 30/01/2014 | Monograph ( Printed materials) |